000 01088cad a22002295a 4500
001 E152878
008 110510s2008 xxk f 000 0 eng d
035 _a(Sirsi) u152878
041 0 _aeng
100 1 _aBarnham, Bob
245 0 0 _aEnergy modelling analysis of a traditionally built Scottish tenement flat
_h[electronic resource]
260 _aEdinburgh
_bHistoric Scotland
_c2008
490 0 _aHistoric Scotland Technical Paper
_v(3)
520 _aPresents the results of tests using four different energy-modelling methodologies on a Georgian tenement flat in central Edinburgh. Found that each model produced a different result, with the most accurate energy models produced by the most detailed information.
590 _aKA
651 4 _aScotland
_y1999-
690 _aENVIRONMENTAL AND LAND CONSULTANCY-ENERGY-ENERGY USE-ENERGY EFFICIENCY
700 1 _aHeath, Nicholas
700 1 _aPearson, Gary
856 4 0 _uhttps://www.historic-scotland.gov.uk/publicationsresultsdetail.htm?id=4dc88ece24
_zView the report free of charge at www.historic-scotland.gov.uk
942 _n0
999 _c112243
_d112243